000 00732nam a2200193Ia 4500
003 GCL
008 140319s9999 xx 000 0 ara d
040 _aGCL /
_cGCL
082 0 4 _a091
_bا ف
100 1 _aايمن فؤاد سيد
245 1 0 _aفهرس المخطوطات العربية : فى مكتبة المعهد العلمى الفرنسى للاثار الشرقية بالقاهرة /
_cايمن فؤاد سيد
260 _aالقاهرة :
_bالمعهد العلمى الفرنسى للاثار الشرقية ،
_c1996
300 _a144 ص ؛
_c28 سم
490 _a
650 0 4 _aالمخطوطات العربية
650 0 4 _aالفهارس
650 0 4 _aالمخطوطات - فهرسة
942 _2ddc
_cBK
999 _c46359
_d46359